[Event "candidates qf (w)"]
[Site "Kislovodsk URS"]
[Date "1980.??.??"]
[Round "1.1"]
[White "Alexandria, Nana"]
[Black "Akhmilovskaya, Elena"]
[Result "1-0"]
[WhiteElo "2335"]
[BlackElo "2315"]
[EventDate "1980.03.??"]
[PlyCount "154"]

1.e4 e5 2.Nf3 Nc6 3.Bb5 a6 4.Ba4 Nf6 5.O-O Be7 6.Re1 b5 7.Bb3 d6 8.c3 O-O 
9.d4 Bg4 10.Be3 exd4 11.cxd4 d5 12.e5 Ne4 13.Nbd2 Nxd2 14.Qxd2 Qd7 15.a3 
Bxf3 16.gxf3 Nd8 17.Kh1 f5 18.Rac1 Ne6 19.f4 c6 20.Rc2 Rac8 21.Qe2 Bd8 22.
Qf3 Bb6 23.Rd1 Kh8 24.Qh3 Rc7 25.Rcd2 g5 26.f3 gxf4 27.Bf2 Rcc8 28.Bc2 Qf7
29.Rg1 Bd8 30.Rg2 Be7 31.Rd1 Ng5 32.Qh6 Rg8 33.Rdg1 Ne6 34.Rxg8+ Rxg8 35.
Rxg8+ Kxg8 36.Qh3 Ng5 37.Qxf5 Qxf5 38.Bxf5 Nxf3 39.Bd7 c5 40.dxc5 Nxe5 41.
c6 Bd8 42.Be6+ Kg7 43.Bxd5 Bc7 44.Kg2 Kf6 45.Be4 Ke6 46.Be1 h6 47.b3 Nf7 
48.h4 Ne5 49.Bb4 h5 50.Bd2 Ng4 51.Bb4 Kf6 52.Bc5 Ne5 53.Bd4 Kf7 54.Bc3 Ke7
55.Bd2 Ng4 56.Kf3 Ne5+ 57.Ke2 Ng4 58.Bf3 Ke6 59.Bc3 Ne5 60.Bxh5 Nxc6 61.
Bg4+ Kf7 62.Kf3 a5 63.a4 bxa4 64.Bh5+ Ke6 65.bxa4 Be5 66.Bd2 Bf6 67.Bg4+ 
Kf7 68.h5 Kg7 69.Bxf4 Ne5+ 70.Kg3 Nc4 71.Bf5 Nb6 72.Bc2 Nd5 73.Bd2 Bd8 74.
h6+ Kh8 75.Be4 Nf6 76.Kf4 Nxe4 77.Kxe4 Kh7 1-0

[Event "candidates qf (w)"]
[Site "Kislovodsk URS"]
[Date "1980.??.??"]
[Round "1.2"]
[White "Akhmilovskaya, Elena"]
[Black "Alexandria, Nana"]
[Result "1/2-1/2"]
[WhiteElo "2315"]
[BlackElo "2335"]
[EventDate "1980.03.??"]
[PlyCount "108"]

1.d4 d5 2.c4 c6 3.Nc3 Nf6 4.Nf3 dxc4 5.a4 Bf5 6.e3 e6 7.Bxc4 Bb4 8.O-O 
Nbd7 9.Qe2 Bg6 10.Rd1 Qc7 11.Bd2 a5 12.Be1 O-O 13.Rac1 e5 14.Nh4 Bh5 15.f3
exd4 16.exd4 Rfe8 17.Qf2 Bd6 18.g3 Bg6 19.Nxg6 hxg6 20.Qc2 Nb6 21.Bb3 Qd7 
22.Bf2 Nbd5 23.Ne4 Bb4 24.Nc5 Qc7 25.Nd3 Ne3 26.Bxe3 Rxe3 27.Ne5 Rxe5 28.
dxe5 Qxe5 29.Rd3 Re8 30.Rcd1 Qc7 31.Kh1 Qe7 32.Bc4 g5 33.Rd4 Bc5 34.R4d2 
Qe3 35.Qd3 Qxd3 36.Rxd3 Re7 37.h3 g6 38.R3d2 Kg7 39.b3 Bb6 40.Re2 Rc7 41.
Kg2 Ng8 42.Re5 Ne7 43.g4 Kf6 44.Re4 Kg7 45.Re2 Bc5 46.Rd8 Bb4 47.Re3 Nc8 
48.Ree8 Nd6 49.Re2 b5 50.Bd3 bxa4 51.bxa4 Nb7 52.Rde8 c5 53.Bb5 c4 54.R8e4
c3 1/2-1/2

[Event "candidates qf (w)"]
[Site "Kislovodsk URS"]
[Date "1980.??.??"]
[Round "1.3"]
[White "Alexandria, Nana"]
[Black "Akhmilovskaya, Elena"]
[Result "0-1"]
[WhiteElo "2335"]
[BlackElo "2315"]
[EventDate "1980.03.??"]
[PlyCount "82"]

1.e4 e5 2.Nf3 Nc6 3.Bb5 a6 4.Ba4 Nf6 5.O-O Be7 6.Re1 b5 7.Bb3 d6 8.c3 O-O 
9.d4 Bg4 10.Be3 exd4 11.cxd4 d5 12.e5 Ne4 13.h3 Bh5 14.g4 Bg6 15.Nfd2 Nxd2
16.Nxd2 Na5 17.f4 f5 18.Bc2 c5 19.dxc5 d4 20.Bf2 Bxc5 21.Nb3 Nxb3 22.Bxb3+
Kh8 23.Qd2 Qe7 24.a3 d3 25.Bxc5 Qxc5+ 26.Kg2 Rad8 27.Rac1 Qe7 28.g5 Rd4 
29.Kg3 Rfd8 30.Bd1 Bf7 31.h4 Bd5 32.Re3 Be4 33.Bb3 Qa7 34.Ree1 a5 35.Bd1 
Qb6 36.Bh5 g6 37.Bd1 h5 38.gxh6 Kh7 39.b4 a4 40.Kh2 Rc4 41.Rxc4 bxc4 0-1

[Event "candidates qf (w)"]
[Site "Kislovodsk URS"]
[Date "1980.??.??"]
[Round "1.5"]
[White "Alexandria, Nana"]
[Black "Akhmilovskaya, Elena"]
[Result "1-0"]
[WhiteElo "2335"]
[BlackElo "2315"]
[EventDate "1980.03.??"]
[PlyCount "101"]

1.d4 d5 2.c4 e6 3.Nc3 c5 4.cxd5 exd5 5.Nf3 Nc6 6.g3 Nf6 7.Bg2 Be7 8.O-O 
O-O 9.Bg5 cxd4 10.Nxd4 h6 11.Be3 Re8 12.Qa4 Bd7 13.Rad1 Na5 14.Qc2 Rc8 15.
Qb1 Nc4 16.Nxd5 Nxd5 17.Bxd5 Qb6 18.Bxc4 Rxc4 19.Nf3 Qb5 20.Rxd7 Qxd7 21.
Ne5 Qe6 22.Nxc4 Qxc4 23.Bxa7 Ra8 24.b3 Qa6 25.Bd4 Bf8 26.e3 Qxa2 27.Qxa2 
Rxa2 28.Rc1 Ra5 29.Rc8 Rb5 30.Kf1 f6 31.Ke2 Kf7 32.Rc3 f5 33.h4 h5 34.Kd3 
Be7 35.Kc4 Rb4+ 36.Kd3 Rb5 37.Kc2 g6 38.Rc8 Ra5 39.Rc7 Ke6 40.Rxb7 Ra2+ 
41.Kd3 Rxf2 42.Rb6+ Kf7 43.b4 g5 44.hxg5 Bxg5 45.b5 h4 46.Rb7+ Ke6 47.Rg7 
Be7 48.gxh4 Bxh4 49.b6 Rf1 50.b7 Rb1 51.Rg6+ 1-0

[Event "candidates qf (w)"]
[Site "Kislovodsk URS"]
[Date "1980.??.??"]
[Round "1.6"]
[White "Akhmilovskaya, Elena"]
[Black "Alexandria, Nana"]
[Result "0-1"]
[WhiteElo "2315"]
[BlackElo "2335"]
[EventDate "1980.03.??"]
[PlyCount "108"]

1.d4 d5 2.c4 c6 3.Nf3 Nf6 4.Nc3 e6 5.Qb3 Be7 6.Bg5 dxc4 7.Qxc4 b6 8.e4 Ba6
9.Qb3 Bxf1 10.Rxf1 O-O 11.O-O-O Nbd7 12.Ne5 Nxe5 13.Bxf6 Nd7 14.Bxe7 Qxe7 
15.f4 Rad8 16.e5 f5 17.a4 Kh8 18.Kb1 Rb8 19.Rc1 a5 20.Rc2 Rb7 21.Nd1 Nb8 
22.Ne3 b5 23.axb5 Rxb5 24.Qc3 Qa7 25.Rd1 a4 26.Nc4 Na6 27.Nd6 Rb6 28.Qa5 
h6 29.Qxa4 Ra8 30.Rc3 Qb8 31.Nc4 Rb5 32.Ra3 Nc7 33.Qc2 Nd5 34.Rxa8 Qxa8 
35.g3 Qa6 36.Rd3 Rb4 37.Na3 Qb6 38.Nc4 Qb5 39.Na3 Rxb2+ 40.Qxb2 Qxd3+ 41.
Ka1 Kh7 42.Nb1 Kg6 43.Qd2 Qxd2 44.Nxd2 Kh5 45.Nc4 Kg4 46.Na5 Ne7 47.Kb2 
Kh3 48.Kc3 Kxh2 49.Kc4 Kxg3 50.Kc5 h5 51.Kd6 Nd5 52.Kxe6 h4 53.Nxc6 Nxf4+ 
54.Kxf5 h3 0-1

[Event "candidates qf (w)"]
[Site "Kislovodsk URS"]
[Date "1980.??.??"]
[Round "1.7"]
[White "Alexandria, Nana"]
[Black "Akhmilovskaya, Elena"]
[Result "1/2-1/2"]
[WhiteElo "2335"]
[BlackElo "2315"]
[EventDate "1980.03.??"]
[PlyCount "82"]

1.d4 d5 2.c4 e6 3.Nc3 f5 4.Bf4 Nf6 5.e3 Be7 6.Qc2 c6 7.Bd3 O-O 8.Nf3 Ne4 
9.Bxb8 Rxb8 10.O-O Bd6 11.Ne5 Bxe5 12.dxe5 Qc7 13.cxd5 cxd5 14.Nxe4 Qxc2 
15.Bxc2 fxe4 16.f3 exf3 17.gxf3 Bd7 18.Rad1 Rbc8 19.Rf2 Rc5 20.f4 Bb5 21.
Rdd2 g6 22.h4 Kg7 23.Rg2 Kh6 24.Kh2 Bc6 25.Rgf2 a5 26.Kg3 b5 27.Bd3 Bd7 
28.Rh2 b4 29.h5 g5 30.fxg5+ Kxg5 31.h6 Be8 32.Bxh7 Rh8 33.Bd3 Rxh6 34.Rxh6
Kxh6 35.Rf2 Kg7 36.Rc2 Rxc2 37.Bxc2 Bg6 38.Ba4 Kh6 39.Kf4 Bf5 40.Be8 Bb1 
41.a3 bxa3 1/2-1/2

[Event "candidates qf (w)"]
[Site "Donji Milanovac YUG"]
[Date "1980.??.??"]
[Round "1.1"]
[White "Veroci-Petronic, Zsuzsa"]
[Black "Ioseliani, Nana"]
[Result "1/2-1/2"]
[WhiteElo "2285"]
[BlackElo "2310"]
[EventDate "1980.04.??"]
[PlyCount "83"]

1.e4 c5 2.Nf3 e6 3.d4 cxd4 4.Nxd4 Nf6 5.Nc3 d6 6.g4 h6 7.g5 hxg5 8.Bxg5 
Nc6 9.Qd2 a6 10.O-O-O Bd7 11.f4 Be7 12.h4 Nh5 13.Bh3 Nxd4 14.Qxd4 f6 15.
Bg4 Qc7 16.f5 fxg5 17.Bxh5+ Rxh5 18.Qxg7 O-O-O 19.Qxe7 Re8 20.Qf7 Rxh4 21.
fxe6 Rxe6 22.Rxh4 gxh4 23.Rg1 Qd8 24.Nd5 h3 25.Qh7 Re8 26.Qh6 Rxe4 27.Qxd6
Re6 28.Nb6+ Qxb6 29.Rg8+ Qd8 30.Rxd8+ Kxd8 31.Qg3 Kc8 32.Qc3+ Kb8 33.Qg3+ 
Kc8 34.Qc3+ Rc6 35.Qh8+ Kc7 36.Qe5+ Kd8 37.Qh8+ Ke7 38.Qg7+ Kd8 39.Qh8+ 
Kc7 40.Qe5+ Kd8 41.Qh8+ Kc7 42.Qe5+ 1/2-1/2

[Event "candidates qf (w)"]
[Site "Donji Milanovac YUG"]
[Date "1980.??.??"]
[Round "1.2"]
[White "Ioseliani, Nana"]
[Black "Veroci-Petronic, Zsuzsa"]
[Result "1/2-1/2"]
[WhiteElo "2310"]
[BlackElo "2285"]
[EventDate "1980.04.??"]
[PlyCount "84"]

1.e4 e5 2.Nf3 Nc6 3.Bb5 a6 4.Ba4 Nf6 5.O-O Be7 6.Re1 b5 7.Bb3 d6 8.c3 O-O 
9.h3 Na5 10.Bc2 c5 11.d4 Qc7 12.Nbd2 cxd4 13.cxd4 Bb7 14.d5 Bc8 15.b4 Nc4 
16.Nxc4 bxc4 17.Re3 Rb8 18.Rb1 Bd7 19.Bd2 Qb7 20.Nh2 Ne8 21.Rg3 f5 22.exf5
Qxd5 23.Ng4 Kh8 24.Qe2 Qf7 25.Rc3 Rc8 26.a4 Nf6 27.b5 axb5 28.axb5 e4 29.
b6 Bxf5 30.Ne3 Be6 31.b7 Rb8 32.Nxc4 Bd5 33.Na5 Bd8 34.Qb5 Bxa5 35.Qxa5 
Rxb7 36.Rxb7 Qxb7 37.Rc7 Qa8 38.Qc3 Qd8 39.Ra7 h6 40.Qd4 Qc8 41.Bd1 Kg8 
42.Ra5 Be6 1/2-1/2

[Event "candidates qf (w)"]
[Site "Donji Milanovac YUG"]
[Date "1980.??.??"]
[Round "1.3"]
[White "Veroci-Petronic, Zsuzsa"]
[Black "Ioseliani, Nana"]
[Result "1/2-1/2"]
[WhiteElo "2285"]
[BlackElo "2310"]
[EventDate "1980.04.??"]
[PlyCount "45"]

1.e4 c5 2.Nf3 e6 3.d4 cxd4 4.Nxd4 Nf6 5.Nc3 d6 6.g4 h6 7.g5 hxg5 8.Bxg5 
Nc6 9.Qd2 a6 10.O-O-O Bd7 11.h4 Be7 12.f4 Qb6 13.Nb3 O-O-O 14.Be2 Kb8 15.
h5 Ne8 16.Rhg1 Bxg5 17.Rxg5 Ne7 18.Kb1 Bc8 19.a3 Rh7 20.Rdg1 Rh6 21.Bf3 
Rh7 22.Rd1 Rh6 23.Rgg1 1/2-1/2

[Event "candidates qf (w)"]
[Site "Donji Milanovac YUG"]
[Date "1980.??.??"]
[Round "1.4"]
[White "Ioseliani, Nana"]
[Black "Veroci-Petronic, Zsuzsa"]
[Result "1/2-1/2"]
[WhiteElo "2310"]
[BlackElo "2285"]
[EventDate "1980.04.??"]
[PlyCount "83"]

1.e4 e5 2.Nf3 Nc6 3.Bb5 a6 4.Ba4 Nf6 5.O-O Be7 6.Re1 b5 7.Bb3 d6 8.c3 O-O 
9.h3 Bb7 10.d4 Re8 11.Nbd2 Bf8 12.Bc2 g6 13.d5 Nb8 14.Nf1 c6 15.dxc6 Nxc6 
16.Bg5 Be7 17.Ne3 Na5 18.b4 Nc4 19.Nxc4 bxc4 20.Qe2 Qc7 21.Nd2 Rac8 22.Nf1
Nh5 23.Bh6 Bf8 24.Bg5 h6 25.Bd2 Bg7 26.Qg4 Rcd8 27.Rad1 d5 28.exd5 Bxd5 
29.Ng3 Be6 30.Qf3 Nf4 31.Bxf4 exf4 32.Ne2 Rxd1 33.Rxd1 Qe5 34.Nd4 Bd5 35.
Qg4 h5 36.Qd7 f3 37.g3 Ba8 38.Ba4 Rf8 39.Bc6 Bxc6 40.Qxc6 h4 41.Qxf3 hxg3 
42.fxg3 1/2-1/2

[Event "candidates qf (w)"]
[Site "Donji Milanovac YUG"]
[Date "1980.??.??"]
[Round "1.5"]
[White "Veroci-Petronic, Zsuzsa"]
[Black "Ioseliani, Nana"]
[Result "0-1"]
[WhiteElo "2285"]
[BlackElo "2310"]
[EventDate "1980.04.??"]
[PlyCount "118"]

1.e4 c5 2.Nf3 d6 3.d4 cxd4 4.Nxd4 Nf6 5.Nc3 Nc6 6.Bc4 e6 7.Bb3 Be7 8.O-O 
O-O 9.Be3 a6 10.f4 Qc7 11.Qf3 b5 12.e5 Nxd4 13.Bxd4 dxe5 14.fxe5 Nd7 15.
Ne4 Bb7 16.Qf4 Bxe4 17.Qxe4 Bc5 18.Rae1 Rad8 19.Kh1 Bxd4 20.Qxd4 Nc5 21.
Qf2 a5 22.a3 Nxb3 23.cxb3 Rd5 24.Qe2 g6 25.h3 Rfd8 26.Rd1 Qd7 27.Rxd5 Qxd5
28.Qe3 Qd3 29.Qf2 Rd7 30.Rc1 Qf5 31.Qxf5 gxf5 32.Rc8+ Kg7 33.Ra8 Rd3 34.
Rxa5 Rxb3 35.a4 bxa4 36.Rxa4 Rxb2 37.Ra3 Rb5 38.Re3 Kg6 39.g3 Rb2 40.Kg1 
Kg5 41.Ra3 Rb5 42.Ra7 Kg6 43.Kf2 Rxe5 44.Kf3 h5 45.h4 Re4 46.Ra6 f6 47.Ra8
e5 48.Rg8+ Kh6 49.Rb8 Ra4 50.Rc8 f4 51.gxf4 Rxf4+ 52.Kg3 Rg4+ 53.Kh3 e4 
54.Rh8+ Kg6 55.Rg8+ Kf5 56.Rh8 e3 57.Rxh5+ Kf4 58.Rh6 f5 59.Re6 Kf3 0-1

[Event "candidates qf (w)"]
[Site "Donji Milanovac YUG"]
[Date "1980.??.??"]
[Round "1.6"]
[White "Ioseliani, Nana"]
[Black "Veroci-Petronic, Zsuzsa"]
[Result "1/2-1/2"]
[WhiteElo "2310"]
[BlackElo "2285"]
[EventDate "1980.04.??"]
[PlyCount "76"]

1.e4 e5 2.Nf3 Nc6 3.Bb5 a6 4.Ba4 Nf6 5.O-O Be7 6.Re1 b5 7.Bb3 d6 8.c3 O-O 
9.h3 Bb7 10.d4 Re8 11.Nbd2 Bf8 12.Ng5 Re7 13.d5 Nb8 14.Nf1 h6 15.Nf3 c6 
16.Ne3 Re8 17.dxc6 Bxc6 18.Nd5 Nbd7 19.a4 Bxd5 20.exd5 Nc5 21.Bc2 Qd7 22.
axb5 axb5 23.Rxa8 Rxa8 24.Nh2 Ra1 25.Ng4 Nxg4 26.Qxg4 Qxg4 27.hxg4 Be7 28.
Kf1 Kf8 29.Ke2 Ke8 30.Be3 Ra2 31.Rb1 Na4 32.Kd2 Nxb2 33.Bb3 Nc4+ 34.Kd3 
Rb2 35.Rxb2 Nxb2+ 36.Kc2 Nc4 37.Bxc4 bxc4 38.Kb2 Bd8 1/2-1/2

[Event "candidates qf (w)"]
[Site "Donji Milanovac YUG"]
[Date "1980.??.??"]
[Round "1.7"]
[White "Veroci-Petronic, Zsuzsa"]
[Black "Ioseliani, Nana"]
[Result "1/2-1/2"]
[WhiteElo "2285"]
[BlackElo "2310"]
[EventDate "1980.04.??"]
[PlyCount "83"]

1.e4 c5 2.Nf3 d6 3.d4 cxd4 4.Nxd4 Nf6 5.Nc3 Nc6 6.Bg5 e6 7.Qd2 a6 8.O-O-O 
Be7 9.f4 Bd7 10.Nf3 b5 11.Bxf6 gxf6 12.Kb1 h5 13.g3 Qb6 14.f5 b4 15.Ne2 e5
16.Nc1 Rc8 17.Bd3 a5 18.Qe2 a4 19.Nd2 Nd4 20.Qf1 Qc5 21.Nc4 Bc6 22.Ne2 a3 
23.Nxd4 Qxd4 24.Qg1 Qxg1 25.Rhxg1 axb2 26.Kxb2 Rg8 27.h3 Bxe4 28.Nxd6+ 
Bxd6 29.Bxe4 Bc5 30.Rg2 Bd4+ 31.Kb1 Ke7 32.g4 hxg4 33.Rxg4 Rg5 34.Rxg5 
fxg5 35.Rd3 Rh8 36.a3 bxa3 37.Rxa3 Rh4 38.Bd5 Rf4 39.Rf3 Kf6 40.Rxf4 exf4 
41.Kc1 Kxf5 42.Kd2 1/2-1/2

[Event "candidates qf (w)"]
[Site "Donji Milanovac YUG"]
[Date "1980.??.??"]
[Round "1.8"]
[White "Ioseliani, Nana"]
[Black "Veroci-Petronic, Zsuzsa"]
[Result "1-0"]
[WhiteElo "2310"]
[BlackElo "2285"]
[EventDate "1980.04.??"]
[PlyCount "89"]

1.e4 e5 2.Nf3 Nc6 3.Bb5 a6 4.Ba4 Nf6 5.O-O Be7 6.Re1 b5 7.Bb3 d6 8.c3 O-O 
9.h3 Na5 10.Bc2 c5 11.d4 Qc7 12.d5 c4 13.b4 cxb3 14.axb3 Nb7 15.b4 Bd7 16.
Qe2 Ne8 17.Bd2 g6 18.Na3 f5 19.exf5 gxf5 20.Nd4 Ng7 21.Nc6 Bf6 22.c4 Bxc6 
23.dxc6 Qxc6 24.cxb5 axb5 25.Bb3+ Kh8 26.Qxb5 Qc7 27.Bd5 Rab8 28.Qa6 Nd8 
29.Rac1 Qe7 30.Nb5 Nde6 31.Be3 Bg5 32.Bxe6 Bxe3 33.Rxe3 Nxe6 34.Qxd6 Qxd6 
35.Nxd6 e4 36.b5 Kg7 37.f3 Rbd8 38.Rd1 Kf6 39.fxe4 f4 40.e5+ Ke7 41.Ra3 
Rd7 42.b6 Rb8 43.Ra7 Rxa7 44.bxa7 Ra8 45.Nb5 1-0

[Event "candidates qf (w)"]
[Site "Donji Milanovac YUG"]
[Date "1980.??.??"]
[Round "1.9"]
[White "Veroci-Petronic, Zsuzsa"]
[Black "Ioseliani, Nana"]
[Result "0-1"]
[WhiteElo "2285"]
[BlackElo "2310"]
[EventDate "1980.04.??"]
[PlyCount "54"]

1.e4 c5 2.Nf3 d6 3.d4 cxd4 4.Nxd4 Nf6 5.Nc3 a6 6.Be3 e6 7.g4 h6 8.Qe2 Nc6 
9.O-O-O Bd7 10.f3 Rc8 11.h4 Nxd4 12.Bxd4 e5 13.Be3 Qa5 14.Bh3 Rxc3 15.bxc3
d5 16.exd5 Ba3+ 17.Kb1 Bb5 18.Qe1 Bc4 19.Bc1 O-O 20.Bf1 Bxa2+ 21.Kxa2 
Bxc1+ 22.Kb1 Qa3 23.Rxc1 Nxd5 24.Qxe5 Nxc3+ 25.Qxc3 Qxc3 26.Bd3 Rd8 27.
Rhe1 g6 0-1

[Event "candidates qf (w)"]
[Site "Odessa URS"]
[Date "1980.06.??"]
[Round "1.1"]
[White "Lemachko, Tatiana"]
[Black "Litinskaya, Marta"]
[Result "1/2-1/2"]
[WhiteElo "2235"]
[BlackElo "2280"]
[EventDate "1980.06.01"]
[PlyCount "58"]

1.e4 e5 2.Nf3 Nc6 3.Bb5 Nf6 4.O-O Nxe4 5.Re1 Nd6 6.Bxc6 dxc6 7.Nxe5 Be7 8.
d4 O-O 9.Bf4 Be6 10.c3 Re8 11.Nd2 Bf8 12.Nf1 Nf5 13.Nd3 b6 14.Qd2 f6 15.
Ne3 Qd7 16.Nxf5 Bxf5 17.Nb4 c5 18.Nc2 cxd4 19.Qxd4 Qf7 20.Ne3 Re4 21.Qd5 
Qxd5 22.Nxd5 c6 23.Rxe4 Bxe4 24.Nc7 Rc8 25.Ne6 Bd5 26.Nxf8 Kxf8 27.b3 Re8 
28.Be3 Rd8 29.Rd1 Ke8 1/2-1/2

[Event "candidates qf (w)"]
[Site "Odessa URS"]
[Date "1980.06.??"]
[Round "1.2"]
[White "Litinskaya, Marta"]
[Black "Lemachko, Tatiana"]
[Result "1/2-1/2"]
[WhiteElo "2280"]
[BlackElo "2235"]
[EventDate "1980.06.01"]
[PlyCount "80"]

1.d4 Nf6 2.c4 e6 3.Nf3 d5 4.Bg5 h6 5.Bh4 Bb4+ 6.Nc3 g5 7.Bg3 Ne4 8.Rc1 h5 
9.Qa4+ Nc6 10.cxd5 exd5 11.Ne5 Bxc3+ 12.bxc3 h4 13.Nxc6 bxc6 14.Qxc6+ Qd7 
15.Qxc7 f6 16.Be5 Ba6 17.f3 Rc8 18.Qxd7+ Kxd7 19.fxe4 fxe5 20.e3 Bxf1 21.
Rxf1 exd4 22.exd4 dxe4 23.Kd2 h3 24.g3 Rhf8 25.Rxf8 Rxf8 26.Ke2 Rf3 27.c4 
Ra3 28.Rc2 Rd3 29.d5 a5 30.c5 Rxd5 31.Ke3 Rf5 32.Kxe4 Rf1 33.c6+ Kc7 34.a4
g4 35.Ke5 Rf3 36.Ke6 Rf1 37.Ke5 Rf3 38.Ke4 Rf1 39.Ke3 Rf3+ 40.Kd4 Rf1 
1/2-1/2

[Event "candidates qf (w)"]
[Site "Odessa URS"]
[Date "1980.06.??"]
[Round "1.3"]
[White "Lemachko, Tatiana"]
[Black "Litinskaya, Marta"]
[Result "0-1"]
[WhiteElo "2235"]
[BlackElo "2280"]
[EventDate "1980.06.01"]
[PlyCount "64"]

1.e4 e5 2.Nf3 Nc6 3.Bb5 Nf6 4.O-O Nxe4 5.d4 a6 6.Bxc6 dxc6 7.Qe2 Bf5 8.Rd1
Be7 9.dxe5 Qc8 10.Nd4 Bg6 11.f4 c5 12.f5 Bxf5 13.Nxf5 Qxf5 14.Re1 O-O-O 
15.g4 Qg6 16.Na3 Bh4 17.Rf1 Rhe8 18.Rf5 Rd4 19.Rf4 Rxe5 20.Nc4 Re6 21.Be3 
Nc3 22.Qf3 Rxf4 23.Bxf4 Ne2+ 24.Kh1 Nxf4 25.Qxf4 Re4 26.Qf1 Qxg4 27.Nd2 
Re2 28.h3 Qe6 29.Rd1 Rf2 30.Qd3 Qc6+ 31.Ne4 f5 32.Kg1 fxe4 0-1

[Event "candidates qf (w)"]
[Site "Odessa URS"]
[Date "1980.06.??"]
[Round "1.4"]
[White "Litinskaya, Marta"]
[Black "Lemachko, Tatiana"]
[Result "1/2-1/2"]
[WhiteElo "2280"]
[BlackElo "2235"]
[EventDate "1980.06.01"]
[PlyCount "70"]

1.d4 Nf6 2.c4 e6 3.Nf3 d5 4.Nc3 c5 5.cxd5 Nxd5 6.e4 Nxc3 7.bxc3 cxd4 8.
cxd4 Nc6 9.Be2 Bb4+ 10.Bd2 Bxd2+ 11.Qxd2 O-O 12.O-O Qd6 13.Rfd1 Rd8 14.
Rac1 h6 15.e5 Qe7 16.Bd3 Nb4 17.Bb1 b6 18.a3 Nd5 19.Qd3 g6 20.h4 Bb7 21.g3
h5 22.Ng5 Rdc8 23.Ne4 Rxc1 24.Rxc1 Rc8 25.Rxc8+ Bxc8 26.Ba2 Nc7 27.Qe3 Ne8
28.d5 exd5 29.Bxd5 Be6 30.Bxe6 Qxe6 31.Qd4 Qe7 32.Ng5 Ng7 33.Qd5 Ne6 34.
Nxe6 Qxe6 35.Qa8+ Kg7 1/2-1/2

[Event "candidates qf (w)"]
[Site "Odessa URS"]
[Date "1980.06.??"]
[Round "1.5"]
[White "Lemachko, Tatiana"]
[Black "Litinskaya, Marta"]
[Result "0-1"]
[WhiteElo "2235"]
[BlackElo "2280"]
[EventDate "1980.06.01"]
[PlyCount "52"]

1.d4 Nf6 2.c4 e6 3.Nf3 b6 4.g3 Ba6 5.Nbd2 c5 6.Bg2 Bb7 7.e4 cxd4 8.e5 Ng4 
9.O-O Qc7 10.Re1 Nc6 11.h3 Nh6 12.Ne4 Be7 13.Bf4 O-O 14.Nf6+ Kh8 15.Qb1 
Nf5 16.Nxh7 Kxh7 17.g4 g6 18.gxf5 gxf5 19.Qd1 Rg8 20.Kh2 Rg6 21.Rg1 Rag8 
22.Nh4 Bxh4 23.Qh5+ Kg7 24.Bxc6 Rh8 25.Bf3 Rxh5 26.Bxh5 Bxf2 0-1

[Event "candidates qf (w)"]
[Site "Odessa URS"]
[Date "1980.06.??"]
[Round "1.6"]
[White "Litinskaya, Marta"]
[Black "Lemachko, Tatiana"]
[Result "0-1"]
[WhiteElo "2280"]
[BlackElo "2235"]
[EventDate "1980.06.01"]
[PlyCount "162"]

1.d4 g6 2.c4 Bg7 3.e4 d6 4.Nf3 Nd7 5.Nc3 e5 6.Be2 Nh6 7.O-O O-O 8.Bg5 f6 
9.Bd2 Nf7 10.Qc2 c6 11.Rad1 Qe7 12.Bc1 Rd8 13.b3 Nf8 14.Ba3 Ne6 15.dxe5 
fxe5 16.g3 b6 17.Rfe1 g5 18.Qd3 Nd4 19.Kg2 Qe6 20.Ng1 g4 21.Bc1 Rf8 22.Be3
Bd7 23.Rf1 Nh6 24.f3 gxf3+ 25.Bxf3 Rxf3 26.Nxf3 Qh3+ 27.Kh1 Nxf3 28.Rxf3 
Bg4 29.Bg1 Bxf3+ 30.Qxf3 Rf8 31.Qg2 Qxg2+ 32.Kxg2 Rf6 33.Rd3 Kf7 34.b4 Ke6
35.Rf3 Ng8 36.b5 Rxf3 37.Kxf3 Ne7 38.Be3 d5 39.cxd5+ cxd5 40.Bg5 d4 41.Nd1
Nc8 42.Nb2 Nd6 43.a4 Nf7 44.Bd2 Bh6 45.Bxh6 Nxh6 46.h4 Nf7 47.g4 h6 48.Ke2
Nh8 49.Nd3 Ng6 50.Nb4 Nxh4 51.Nc6 Ng6 52.Kd3 Kd6 53.Kc4 a5 54.Nd8 Ke7 55.
Nc6+ Kd7 56.Kd3 Kd6 57.Kc4 Nh8 58.Na7 Kd7 59.Nc6 Nf7 60.Kd3 Ke6 61.Ke2 Kd6
62.Kd3 Ng5 63.Nd8 Kc5 64.Nc6 Nf7 65.Kd2 Kc4 66.Kc2 d3+ 67.Kd2 Nd6 68.Nxe5+
Kd4 69.Nxd3 Nxe4+ 70.Kc2 Nf6 71.Nf2 Ke3 72.Nd1+ Ke4 73.Nb2 Kd4 74.Kb3 Nxg4
75.Nc4 Kc5 76.Nd2 Nf6 77.Nf3 Kd5 78.Nh4 Ne4 79.Ng6 Nc5+ 80.Ka3 Ke4 81.Ne7 
h5 0-1

[Event "candidates qf (w)"]
[Site "Odessa URS"]
[Date "1980.06.??"]
[Round "1.7"]
[White "Lemachko, Tatiana"]
[Black "Litinskaya, Marta"]
[Result "0-1"]
[WhiteElo "2235"]
[BlackElo "2280"]
[EventDate "1980.06.01"]
[PlyCount "118"]

1.d4 Nf6 2.c4 e6 3.g3 c5 4.d5 exd5 5.cxd5 d6 6.Bg2 g6 7.Nf3 Bg7 8.O-O O-O 
9.Nc3 Re8 10.Nd2 Nbd7 11.Nde4 Nxe4 12.Nxe4 Nf6 13.Bg5 Bf5 14.Nc3 h6 15.Bd2
a6 16.f3 b5 17.e4 Bd7 18.Qc1 Kh7 19.Nd1 a5 20.Ne3 Qb6 21.Rf2 a4 22.Rb1 Qa6
23.Bf1 Rac8 24.Qc2 Re7 25.Re1 Rce8 26.b3 axb3 27.axb3 Ra8 28.Bc3 Ne8 29.
Ra1 Qb7 30.Rxa8 Qxa8 31.Nd1 Bxc3 32.Nxc3 b4 33.Nb1 Nc7 34.Qb2 Qh8 35.Qxh8+
Kxh8 36.Ra2 Bb5 37.Ra7 Bxf1 38.Kxf1 Kg7 39.e5 Nxd5 40.Rxe7 Nxe7 41.exd6 
Nc6 42.Nd2 f5 43.Ke2 Kf6 44.f4 Ke6 45.Kd3 Na5 46.Kc2 Kxd6 47.Nf3 Nc6 48.
Kd3 Kd5 49.Nh4 Nd4 50.Nxg6 Nxb3 51.Ne7+ Ke6 52.Ng6 Na5 53.h3 c4+ 54.Kd4 c3
55.Kd3 Nc6 56.g4 Kf7 57.gxf5 Kf6 58.Nf8 Kxf5 59.Nd7 Kxf4 0-1

[Event "candidates qf (w)"]
[Site "Odessa URS"]
[Date "1980.06.??"]
[Round "1.8"]
[White "Litinskaya, Marta"]
[Black "Lemachko, Tatiana"]
[Result "1-0"]
[WhiteElo "2280"]
[BlackElo "2235"]
[EventDate "1980.06.01"]
[PlyCount "123"]

1.d4 Nf6 2.c4 d6 3.Nc3 Nbd7 4.Nf3 e5 5.e4 Be7 6.Be2 c6 7.O-O a6 8.Qc2 O-O 
9.Rd1 Qc7 10.h3 b5 11.Be3 b4 12.Na4 c5 13.dxe5 dxe5 14.b3 Bb7 15.Nd2 Rfe8 
16.a3 a5 17.Bf3 Nf8 18.Nb2 Ne6 19.a4 Bd6 20.Re1 Re7 21.Nd3 Rae8 22.Qb2 h6 
23.g3 Ng5 24.Bxg5 hxg5 25.Nf1 g6 26.Qc1 Nh7 27.Ne3 Rc8 28.Nb2 Ree8 29.Nd5 
Qd8 30.Bg4 Rc6 31.Kg2 Bc8 32.Bxc8 Rxc8 33.Rh1 Kg7 34.h4 g4 35.Nd1 Rh8 36.
N1e3 Nf8 37.Qd1 Ne6 38.Qxg4 Kf8 39.h5 Qg5 40.hxg6 Qxg4 41.Nxg4 Kg7 42.gxf7
Kxf7 43.Nh6+ Ke8 44.Nf5 Rxh1 45.Rxh1 Bf8 46.Rh7 Rc6 47.Ra7 Nd4 48.Nxd4 
cxd4 49.Rxa5 Bc5 50.Kf1 d3 51.Rxc5 Rxc5 52.Nxb4 d2 53.Ke2 Kd7 54.Kxd2 Ra5 
55.Nd3 Ke6 56.f4 exf4 57.gxf4 Ra8 58.b4 Kf6 59.a5 Ke7 60.Kc3 Kd6 61.e5+ 
Ke6 62.a6 1-0